Quiz literacki – kto napisał ten utwór? - Statystyki

Ogólne statystyki
  • Ten quiz został rozwiązany 34 razy
  • Średni wynik to 4 z 10
Statystyki odpowiedzi
Hint Odpowiedź % Poprawnych
"Solaris" Stanisław Lem
86%
"Granica" Zofia Nałkowska
86%
"Moralność Pani Dulskiej" Gabriela Zapolska
48%
"Panny z Wilka" Jarosław Iwaszkiewicz
45%
"Trans-Atlantyk" Witold Gombrowicz
45%
"Pamiętnik z powstania warszawskiego" Miron Białoszewski
34%
"Dolina Issy" Czesław Miłosz
31%
"Cudzoziemka" Maria Kuncewiczowa
31%
"Wojna futbolowa" Ryszard Kapuściński
28%
"Tablica z Macondo" Stanisław Barańczak
14%
Nie znaleziono quizów pasujących do podanych kryteriów
Rozkład punktacji
Procent ludzi z każdym wynikiem
Percentyl według liczby udzielonych odpowiedzi
Twoja historia wyników
Nie rozwiązałeś tego quizu